Дело о продлении отпуска двум братьям Кощинским, находящимся за границей, и о найме музыкантов для балов и маскарадов

Доступно только в Электронных читальных залах Найти на картеНа карте
RUSMARC
00006007nmc2a22000003x 450
001e3685bdf-0f3f-4118-873d-3d3fe8bb6e39
00520190702141822.0
100##$a20161111l18081808k l0rusy0189 ca
1010#$arus
102##$aRU
2001#$aДело о продлении отпуска двум братьям Кощинским, находящимся за границей, и о найме музыкантов для балов и маскарадов
$j20 апреля - 15 декабря 1808 г.
251##$cДело
300##$aДело
801#0$aRU
$bРГИА
$c20161111
$gRCR
801#1$aRU
$bГлавНИВЦ
$c20161111
$2rusmarc
801#2$aRU
$bПБ им. Б.Н. Ельцина
$c20180928
$gRCR
$2rusmarc
850##$aРГИА
852##$aРГИА
$eФедеральное казенное учреждение "Российский государственный исторический архив" (РГИА)
$j143
937##$hРГИА
$d12233961
$aASBIBLIO_SCAN
462#0$1001dd3991dc-24e1-42ec-8838-ca4255420416
$12001
$a1746-1850 гг.
$1251
$cОпись
$1852
$j1
461#0$10019264ebf8-de62-4f1a-9eb4-9f22098dbbd5
$12001
$aДирекция императорских театров МИДв
$1251
$cФонд
$1852
$j497
215##$a9 л.
$d36,5х26 см
371##$aДокумент не является опубликованным и широко распространяемым
105##$ay###
1222#$ad
035##$ae3685bdf-0f3f-4118-873d-3d3fe8bb6e39
856##$uhttp://readingroom.main.prlib.ru/item.aspx?id_node=n118720322&mode=full
60102$2prlib_sh
$3LIBNET\UAF\0000083438
$aБольшой (Каменный) театр
$cСанкт-Петербург, город
$xИстория
$jДокументы и материалы
60101$aРоссия
$2prlib_sh
$3LIBNET\UAF\0000080151
$bДирекция императорских театров
$xДеятельность
$jДокументы и материалы
6061#$2prlib_sh
$3LIBNET\UAF\0000083534
$aМузыканты
$xИстория
$yРоссия
$jДокументы и материалы
6061#$aТеатральная жизнь
$yРоссия
$z19 в.
$jДокументы и материалы
$2nlr_sh
$3RU\NLR\AUTH\661467966
6061#$aБалы
$yСанкт-Петербург, город
$z19 в.
$jДокументы и материалы
$2nlr_sh
$3RU\NLR\AUTH\661336288
605##$2acquisition_Prlib
$3LIBNET\UAF\0000080478
$aГод театра в России
$lколлекция
605##$aРоссия в лицах
$lколлекция
$2acquisition_Prlib
$3DITM\AF\0000004166
686##$2rubbk
$a85.33
$vLBC/M
686##$2rubbk
$a63.3(2)5211-7
$vLBC/M
Формат отображения